Indian Democracy: (Record no. 172747)

MARC details
000 -LEADER
fixed length control field 00698nam a22002057a 4500
005 - DATE AND TIME OF LATEST TRANSACTION
control field 20200212123604.0
010 ## - LCCN (DPL NO)
LC control number ENG-127706
020 ## - INTERNATIONAL STANDARD BOOK NUMBER
Terms of availability 1295.00
International Standard Book Number 9789353289805
035 ## - SYSTEM CONTROL NUMBER
System control number EN-111238
037 ## - SOURCE OF ACQUISITION
Source of stock number/acquisition DBAD/PUB
082 ## - DEWEY DECIMAL CLASSIFICATION NUMBER
Classification number 320.954
245 ## - TITLE STATEMENT
Title Indian Democracy:
Statement of responsibility, etc edited by Arvind Sivaramakrishnan [and] Sudarshan Padmanabhan
Remainder of title Contradictions and Reconciliations/
260 ## - PUBLICATION, DISTRIBUTION, ETC. (IMPRINT)
Place of publication, distribution, etc New Delhi
Date of publication, distribution, etc 2020
Name of publisher, distributor, etc Sage
270 ## - ADDRESS
Address B1/1-1 Mohan Cooperative Industrial Area Mathura Road
Postal code 110044
City New Delhi
300 ## - PHYSICAL DESCRIPTION
Extent xiii;327p.
Other physical details 22cm(hb)
500 ## - GENERAL NOTE
General note includes index<br/>
700 ## - ADDED ENTRY--PERSONAL NAME
Personal name Sivaramakrishnan,Arvind
700 ## - ADDED ENTRY--PERSONAL NAME
Personal name Padmanabhan,Sudarshan
942 ## - ADDED ENTRY ELEMENTS (KOHA)
Source of classification or shelving scheme Dewey Decimal Classification
Item type English Books
Classification part 320.954
Call number suffix IND
Holdings
Withdrawn status Lost status Not for loan Collection code Home library Current library Date acquired Source of acquisition Cost, normal purchase price Full call number Barcode Copy number Cost, replacement price Koha item type
      Fiction Central Library Central Library 12/02/2020 DBAD/PUB 1295.00 320.954 IND EN-111238 1 1295.00 English Books

© Delhi Public Library
Hit Counter
free hit counter